Quick Pick: The Simpsons Character Hunt Quiz Stats

 Plays Quiz Updated Jul 10, 2019

Score 0/15 Timer 01:00
1 Play Today
% Correct
Krusty the Clown
97%
Ned Flanders
95%
Milhouse Van Houten
94.6%
Apu Nahasapeemapetilon
94%
Montgomery Burns
92.9%
Moe Szyslak
92.8%
Groundskeeper Willie
91.8%
Edna Krabappel
91.4%
% Correct
Ralph Wiggum
90%
Seymour Skinner
88.3%
Barney Gumble
86.6%
Selma Bouvier
84.7%
Sideshow Bob
84.6%
Nelson Muntz
81.4%
Otto Mann
81.1%

Today's Daily Dose

Missing Word
Celine Dion

Word Ladder
Dr. Seuss Books

Quick Pick
Cities in India

Get the Picture
'A' Actresses

You're not logged in!

Compare scores with friends on all Sporcle quizzes.
OR
Log In

Sporcle TV

Today on Sporcle TV


Watch our educational content, quiz creation guides, and fun videos on Sporcle TV.

Show Comments

Extras

Top Quizzes Today


Score Distribution

Your Account Isn't Verified!

In order to create a playlist on Sporcle, you need to verify the email address you used during registration. Go to your Sporcle Settings to finish the process.

Report this User

Report this user for behavior that violates our Community Guidelines.

Details: